000 02130nam a2200313 i 4500
001 000021065
003 DO-SdBNP
005 20241101145324.0
007 ta
008 100830s2002 dr ac 001 0 spa d
020 _a9993490040
040 _aDO-SdBNP
_bspa
_cBNPHU
_erda
041 _aspa
082 4 _a972.93054
_bL579y 2002
_222
100 1 _aLeón Estévez, Luis José,
_d1931-
_eautor
_4aut.
_92414
245 1 0 _aYo, Ramfis Trujillo /
_cLuis José León Estévez.
264 4 _aSanto Domingo :
_bLetra Gráfica,
_c©2002.
300 _a115 páginas :
_bilustraciones retratos ;
_c22 cm.
336 _ardacontent
_btexto
_2txt
337 _ardamedia
_bsin mediación
_2n
338 _ardacarrier
_bvolumen
_2nc
500 _aIncluye datos biográficos del autor en la solapa de la cubierta.
505 0 _aYo, Ranfis Trujillo --
_t!Gracias General! --
_tTestimonio personal del autor --
_tYo, Ramfis Trujillo --
_t¿Qué bárbaro, ni siquiera aquí descansa! --
_tNo quise ser vicepresidente --
_tCumplo mi sueño: hacer la mejor Fuerza Aérea --
_tHollywood: algunas artistas compartieron mi tiempo --
_tMi patria entre el bisonte y el toro --
_tEl entorno oficial de mi padre: buenos y malos --
_tEl movimiento 14 de junio --
_tEl asesinato de mi padre --
_tTenia el poder, todo el poder --
_tTodos clamaban venganza --
_tSí, fue un dictador -- La corrupción, que ahoga la modernización y decencia del país --
_tLo que me llama es la tumba --
_tPárese a pelear --
_tTodo el mundo quería que siguiera la dictadura --
_tEmpecé a destrujillizar el país --
_tLa oposición no quería comprender --
_tSolo mi presencia impedía un golpe de estado --
_tFélix W. Bernadino asesinará al Dr. Balaguer --
_tMi enfrentamiento con Johnny Abbes García --
_tNunca pensé quedarme en el país --
_tSoy el responsable de esas muertes.
590 _aInventariado, 2019/MFF
600 1 4 _aTrujillo Martínez, Rafael Leónidas (Ramfis),
_d1929-1969
_xCorrespondencia, memorias, etc.
_91246
651 4 _aRepública Dominicana
_xHistoria
_yEra de Trujillo, 1930-1961
_xFuentes
_92416
910 _aValidado. Control de calidad MMOLINA
942 _2ddc
_cLBS1
999 _c20568
_d20568